Veinticinco años de reinado de S.M. Don Juan Carlos I / (Registro nro. 14148)
[ vista simple ]
| 000 -LIDER | |
|---|---|
| fixed length control field | 00841cam a22002654a 4500 |
| 001 - NÚMERO DE CONTROL | |
| Identificador de número de control | 12809596 |
| 003 - IDENTIFICACDOR DE NÚMERO DE CONTROL | |
| control field | DO-SdBNP |
| 005 - DATE AND TIME OF LATEST TRANSACTION | |
| control field | 20220701105401.0 |
| 008 - ELEMENTOS DE LONGITUD FIJA | |
| fixed length control field | 020506s2002 sp a 000 0dspa |
| 020 ## - ISBN | |
| International Standard Book Number | 8467000538 |
| 040 ## - FUENTE DE CATALOGACIÓN | |
| Agencia que crea de manera original el registro | BPMSU |
| Idioma de catalogación | spa |
| Agencia que realiza la transcripción | BPMSU |
| Agencia que realiza la modificación | |
| 082 ## - NÚMERO DE CLASIFICACIÓN DECIMAL DE DEWEY | |
| Classification number | 946.083 |
| Item number | C284v 2002 |
| Edition number | 22 |
| 245 00 - MENCIÓN DE TITULO | |
| Título | Veinticinco años de reinado de S.M. Don Juan Carlos I / |
| Mención de responsabilidad | Miguel Artola Gallego... [et al.] |
| 260 ## - PUBLICACIÓN, DISTRIBUCIÓN, ETC. (PIE DE IMPRENTA) | |
| Lugar de publicación, distribución, etc | Madrid : |
| Nombre del editor, distribuidor, etc. | Espasa, |
| Fecha de publicación, distribución, etc | 2002. |
| 300 ## - DESCRIPCIÓN FÍSICA | |
| Extensión | 1008 p. ; |
| Dimensiones | 23 cm. |
| Otros detalles físicos | |
| 490 #4 - MENCIÓN DE SERIES | |
| Mención de serie | Ensayos y pensamiento |
| 590 ## - NOTA LOCAL | |
| Enlace | Inventariado, 2022/VM |
| 600 14 - ENCABEZAMIENTO DE MATERIA--NOMBRE PERSONAL | |
| Nombre personal | Juan Carlos |
| Numeración | I, |
| Títulos u otras palabras asociadas con el nombre | Rey de España, |
| Fechas asociadas con el nombre | 1938- |
| 651 #4 - ENCABEZAMIENTO DE MATERIA--NOMBRE GEOGRÁFICO | |
| Nombre geográfico | España |
| Subdivisión temática general | Historia |
| Subdivisión cronológica | 1975- |
| 651 #4 - ENCABEZAMIENTO DE MATERIA--NOMBRE GEOGRÁFICO | |
| Nombre geográfico | España |
| Subdivisión temática general | Civilización |
| Subdivisión cronológica | Siglo XX |
| 700 1# - ASIENTO SECUNDARIO -- NOMBRE PERSONAL | |
| Nombre personal | Artola Gallego, Miguel |
| 710 2# - ASIENTO SECUNDARIO -- NOMBRE CORPORATIVO | |
| Nombre corporativo o de jurisdicción | Real Academia de la Historia (España) |
| 910 ## - VALIDACIÓN | |
| Validación | VMateo V. |
| 942 ## - ADDED ENTRY ELEMENTS (KOHA) | |
| Source of classification or shelving scheme | Dewey Decimal Classification |
| Koha item type | Libros |
| Withdrawn status | Lost status | Source of classification or shelving scheme | Damaged status | Not for loan | Collection code | Home library | Current library | Date acquired | Full call number | Barcode | Date last seen | Price effective from | Koha item type |
|---|---|---|---|---|---|---|---|---|---|---|---|---|---|
| Dewey Decimal Classification | Colección General | Biblioteca Pública Metropolitana Salomé Ureña | Biblioteca Pública Metropolitana Salomé Ureña | 04/07/2022 | BPMSU CG 946.083 C284v 2002 | BPMSU22060046 | 04/07/2022 | 04/07/2022 | Libros |